[Event "GER-chT Lands U20"]
[Site "Wuerzburg"]
[Date "2019.10.05"]
[Round "6.8"]
[White "Philipp, Mathias"]
[Black "Wendler, David"]
[Result "1/2-1/2"]
[WhiteElo "2063"]
[BlackElo "2077"]
[PlyCount "124"]
[EventDate "2019.10.01"]
[EventType "team-swiss"]
[EventRounds "7"]
[EventCountry "GER"]
[SourceTitle "EXT 2020"]
[Source "ChessBase"]
[SourceDate "2019.10.17"]
[SourceVersion "1"]
[SourceVersionDate "2019.10.17"]
[SourceQuality "1"]
[WhiteTeam "Thueringen"]
[BlackTeam "South Team"]
[WhiteTeamCountry "GER"]
[BlackTeamCountry "GER"]

1. d4 Nf6 2. Nf3 g6 3. Nc3 Bg7 4. e4 d6 5. Be3 Nc6 6. Qd2 Bg4 7. Be2 Bxf3 8. Bxf3 e5 9. dxe5 Nxe5 10. Be2 0-0 11. 0-0 Re8 12. f3 a6 13. a4 Qd7 14. Nd5 Nxd5 15. Qxd5 Nc6 16. c3 Qe6 17. Bc4 Ne5 18. Ba2 Qxd5 19. Bxd5 c6 20. Bb3 Nd3 21. Rab1 d5 22. Rfd1 dxe4 23. fxe4 Rad8 24. Bb6 Rd7 25. Bc2 Ne5 26. Bd4 Red8 27. Bxe5 Bxe5 28. Rxd7 Rxd7 29. Rd1 Re7 30. Kf2 h5 31. Kf3 Kg7 32. g3 b5 33. axb5 axb5 34. Rd8 b4 35. cxb4 Rb7 36. Rc8 Rxb4 37. Rxc6 Rxb2 38. Rc5 Kf6 39. Rc6+ Kg7 40. Rc5 f6 41. Kg2 Ra2 42. Rc4 Kh6 43. Kh3 Ra3 44. Kg2 Kg5 45. Bd1 h4 46. gxh4+ Kxh4 47. Rc8 Ra2+ 48. Rc2 Ra4 49. Re2 Ra3 50. Rf2 Rh3 51. Kh1 g5 52. Rg2 Re3 53. Re2 Rd3 54. Bc2 Rh3 55. Ba4 g4 56. Kg1 Ra3 57. Bd1 Rd3 58. Bc2 Ra3 59. Bd1 Ra1 60. Rd2 Bf4 61. Rd7 Bh6 62. Kf2 Ra3 1/2-1/2

[Event "GER-chT Lands U20"]
[Site "Wuerzburg"]
[Date "2019.10.04"]
[Round "5.6"]
[White "Muckle, Julius"]
[Black "Philipp, Mathias"]
[Result "1-0"]
[WhiteElo "2398"]
[BlackElo "2063"]
[PlyCount "83"]
[EventDate "2019.10.01"]
[EventType "team-swiss"]
[EventRounds "7"]
[EventCountry "GER"]
[SourceTitle "EXT 2020"]
[Source "ChessBase"]
[SourceDate "2019.10.17"]
[SourceVersion "1"]
[SourceVersionDate "2019.10.17"]
[SourceQuality "1"]
[WhiteTeam "Rheinland Pfalz"]
[BlackTeam "Thueringen"]
[WhiteTeamCountry "GER"]
[BlackTeamCountry "GER"]

1. d4 d5 2. c4 Nc6 3. Nc3 Nf6 4. Nf3 dxc4 5. e3 Bg4 6. Bxc4 e6 7. 0-0 Bb4 8. h3 Bh5 9. Be2 0-0 10. Bd2 Qe7 11. a3 Bxc3 12. Bxc3 Ne4 13. Rc1 Nxc3 14. Rxc3 Qd6 15. Rc5 f5 16. Qc2 Rac8 17. Rc1 Be8 18. b4 a6 19. Ne5 f4 20. Bf3 fxe3 21. fxe3 Nxe5 22. Bxb7 Bg6 23. dxe5 Qb6 24. Be4 Bxe4 25. Qxe4 Rfe8 26. Qc6 Qa7 27. Rd1 Re7 28. Rd7 Kf8 29. Qd6 cxd6 30. Rxc8+ Kf7 31. Rxa7 Rxa7 32. exd6 Kf6 33. Rc7 Ra8 34. d7 Rd8 35. Kf2 Ke5 36. Ra7 Kd5 37. Ke2 Kc4 38. Rxa6 Rxd7 39. Rxe6 Ra7 40. Rc6+ Kb3 41. b5 Kxa3 42. Ra6+ 1-0

[Event "Youth District Germany"]
[Site "Wuerzburg"]
[Date "2018.10.06"]
[Round "6.3"]
[White "Philipp, Mathias"]
[Black "Wong, Gengchun"]
[Result "1-0"]
[WhiteElo "2076"]
[BlackElo "2194"]
[PlyCount "83"]
[EventDate "2018.10.02"]
[EventType "team-swiss"]
[EventRounds "7"]
[EventCountry "GER"]
[SourceTitle "CBM 186 Extra"]
[Source "ChessBase"]
[SourceDate "2018.08.24"]
[SourceVersion "1"]
[SourceVersionDate "2018.08.24"]
[SourceQuality "1"]
[WhiteTeam "Thueringen U20"]
[BlackTeam "Sachsen U20"]
[WhiteTeamCountry "GER"]
[BlackTeamCountry "GER"]

1. e4 c5 2. b3 Nf6 3. e5 Nd5 4. Bb2 Nc6 5. Nf3 e6 6. g3 Be7 7. Bg2 0-0 8. 0-0 f6 9. d4 cxd4 10. Nxd4 fxe5 11. Nxc6 bxc6 12. Bxe5 d6 13. Bb2 Bf6 14. Bxf6 Qxf6 15. Na3 Rd8 16. Qd2 Ne7 17. f4 d5 18. Rfe1 Bd7 19. c3 Rac8 20. Nc2 c5 21. Rad1 Be8 22. Bh3 Rc6 23. b4 Bg6 24. b5 Rb6 25. a4 Bf5 26. Bf1 Nc8 27. a5 Rb7 28. Re5 Nd6 29. Ne3 Be4 30. Bh3 Re8 31. a6 Rb6 32. c4 dxc4 33. Rxc5 Bf3 34. Rf1 Ba8 35. Nxc4 Nxc4 36. Rxc4 Bd5 37. Rc5 Reb8 38. f5 Qe7 39. Qc3 Qd7 40. Rc7 Rc6 41. Rxc6 Bxc6 42. bxc6 1-0

[Event "Youth District Germany"]
[Site "Wuerzburg"]
[Date "2018.10.05"]
[Round "4.3"]
[White "Philipp, Mathias"]
[Black "Lutz, Ruben"]
[Result "1/2-1/2"]
[WhiteElo "2076"]
[BlackElo "2043"]
[PlyCount "57"]
[EventDate "2018.10.02"]
[EventType "team-swiss"]
[EventRounds "7"]
[EventCountry "GER"]
[SourceTitle "CBM 186 Extra"]
[Source "ChessBase"]
[SourceDate "2018.08.24"]
[SourceVersion "1"]
[SourceVersionDate "2018.08.24"]
[SourceQuality "1"]
[WhiteTeam "Thueringen U20"]
[BlackTeam "Sachsen U20 II"]
[WhiteTeamCountry "GER"]
[BlackTeamCountry "GER"]

1. e4 e6 2. d4 d5 3. Nd2 Nf6 4. e5 Nfd7 5. c3 c5 6. f4 Nc6 7. Ndf3 Be7 8. Bd3 a5 9. Ne2 a4 10. g4 a3 11. b3 cxd4 12. cxd4 Nb4 13. Bb1 b6 14. Kf2 f6 15. f5 fxe5 16. dxe5 0-0 17. Be3 Nc5 18. Ned4 exf5 19. Bxf5 Ne4+ 20. Kg2 Bc5 21. Rf1 Qe8 22. Qe1 Nd3 23. Qh4 Bxf5 24. Nxf5 Nxe5 25. Bxc5 Rxf5 26. gxf5 Nxf3 27. Rxf3 bxc5 28. Re1 Qe5 29. Re2 1/2-1/2

[Event "GER-chT Lands U20"]
[Site "Hannover"]
[Date "2017.10.03"]
[Round "6.2"]
[White "Philipp, Mathias"]
[Black "Wagner, Leopold Franziskus"]
[Result "0-1"]
[WhiteElo "2045"]
[BlackElo "2035"]
[PlyCount "110"]
[EventDate "2017.09.29"]
[EventType "team-swiss"]
[EventRounds "7"]
[EventCountry "GER"]
[SourceTitle "EXT 2018"]
[Source "ChessBase"]
[SourceDate "2017.10.13"]
[SourceVersion "1"]
[SourceVersionDate "2017.10.13"]
[SourceQuality "1"]
[WhiteTeam "Thueringen U20"]
[BlackTeam "Nordrhein Westfalen U20"]
[WhiteTeamCountry "GER"]
[BlackTeamCountry "GER"]

1. e4 c5 2. Nf3 d6 3. c3 Nf6 4. Be2 Nc6 5. d4 cxd4 6. cxd4 e5 7. Nc3 Be7 8. 0-0 0-0 9. h3 a6 10. d5 Nb8 11. Be3 Nbd7 12. b4 b6 13. Nd2 Ne8 14. Nc4 Bb7 15. Qb3 Qc7 16. Rfc1 Bd8 17. a4 Qb8 18. Rab1 Bc7 19. g3 g6 20. f4 Qd8 21. Kh2 Qe7 22. Bf3 Rc8 23. Rf1 Rb8 24. Rbd1 Bc8 25. Bg2 Ng7 26. b5 f6 27. Qa3 a5 28. Rde1 Ne8 29. Na2 Nc5 30. Bg1 Bd7 31. Nc1 Kg7 32. Bxc5 dxc5 33. Qc3 Nd6 34. Nxe5 fxe5 35. fxe5 Nxb5 36. axb5 Bxe5 37. Qb3 Qd6 38. Ne2 h5 39. h4 Rbc8 40. Rc1 Rxf1 41. Bxf1 Qf6 42. Bg2 Qxh4+ 43. Kg1 Qe7 44. Nf4 Qd6 45. Rf1 c4 46. Qc2 c3 47. Kh1 h4 48. Bh3 Bxh3 49. Nxh3 hxg3 50. Kg2 Qb4 51. Rb1 Qd4 52. Rd1 Qe3 53. d6 Rf8 54. Rf1 Rxf1 55. Kxf1 Qf3+ 0-1

[Event "GER-ch U18"]
[Site "Willingen"]
[Date "2016.05.18"]
[Round "6"]
[White "Philipp, Mathias"]
[Black "Glagau, Lars"]
[Result "1-0"]
[WhiteElo "1870"]
[BlackElo "1447"]
[PlyCount "135"]
[EventDate "2016.05.15"]
[EventType "swiss"]
[EventRounds "9"]
[EventCountry "GER"]
[SourceTitle "CBM 172 Extra"]
[Source "ChessBase"]
[SourceDate "2016.06.21"]
[SourceVersion "1"]
[SourceVersionDate "2016.06.21"]
[SourceQuality "1"]

1. e4 e5 2. Nf3 Nf6 3. d4 Nxe4 4. Bd3 d5 5. dxe5 Nc6 6. 0-0 Nc5 7. Be2 Be7 8. Be3 Ne6 9. c3 Bc5 10. Nd4 Nexd4 11. cxd4 Be7 12. Nc3 Nb8 13. Bd3 c6 14. Qe2 0-0 15. f4 f5 16. g4 Qe8 17. Kh1 Qf7 18. Rg1 Kh8 19. Raf1 Na6 20. Qg2 g6 21. h3 Nc7 22. Ne2 Rg8 23. Qf3 Be6 24. Ng3 Bh4 25. Kh2 Be7 26. Rf2 Raf8 27. a3 a6 28. Rc2 Na8 29. Bd2 Nb6 30. Ne2 Nc4 31. Be1 Rd8 32. Rf1 Rdf8 33. Nc1 Rc8 34. Nb3 Rgd8 35. Bb4 Bxb4 36. axb4 Nb6 37. Nc5 Rc7 38. Qg3 Nd7 39. Qh4 Rdc8 40. Na4 Re8 41. b3 Rec8 42. Kg3 Re8 43. Kf3 Rf8 44. Ke3 Qg7 45. Nc3 Nb6 46. Ne2 Nc8 47. Rg1 Qf7 48. Rcc1 Rd7 49. Rcf1 Ne7 50. Ng3 Rc7 51. Rg2 Rd7 52. Ne2 Nc8 53. Ng1 Qg7 54. Nf3 Ne7 55. Ng5 Qg8 56. Kd2 Rc7 57. Qh6 Rd7 58. Rh1 Re8 59. Rg3 Red8 60. Rf1 Re8 61. Rf2 Rc7 62. h4 fxg4 63. Re3 Rd7 64. h5 Nf5 65. Bxf5 Bxf5 66. e6 Bxe6 67. hxg6 Rde7 68. Rxe6 1-0

[Event "Oberliga Ost-B 1516"]
[Site "Germany"]
[Date "2016.04.09"]
[Round "10.5"]
[White "Haubt, Georg"]
[Black "Philipp, Mathias"]
[Result "1-0"]
[WhiteElo "2166"]
[BlackElo "1697"]
[PlyCount "109"]
[EventDate "2015.09.20"]
[EventType "team-tourn"]
[EventRounds "11"]
[EventCountry "GER"]
[SourceTitle "EXT 2017"]
[Source "ChessBase"]
[SourceDate "2016.10.25"]
[SourceVersion "1"]
[SourceVersionDate "2016.10.25"]
[SourceQuality "1"]
[WhiteTeam "Oberursel"]
[BlackTeam "Weimar"]
[WhiteTeamCountry "GER"]
[BlackTeamCountry "GER"]

1. d4 c5 2. dxc5 e6 3. Nc3 Bxc5 4. Ne4 d5 5. Nxc5 Qa5+ 6. Bd2 Qxc5 7. Bc3 Nf6 8. e3 Nc6 9. Nf3 Ne4 10. Bd2 0-0 11. c3 e5 12. b4 Qe7 13. b5 Na5 14. Qa4 b6 15. Be2 Bg4 16. Qb4 Qc7 17. Rd1 Rac8 18. h3 Be6 19. Rc1 Nc4 20. Bxc4 dxc4 21. 0-0 Nc5 22. Rcd1 Rfd8 23. Bc1 Nd3 24. Qa4 Bf5 25. Ba3 Qb7 26. Nd2 Qd5 27. f3 e4 28. f4 Bd7 29. Qxa7 Ra8 30. Qxb6 Bxb5 31. Rb1 Bc6 32. Be7 Re8 33. Qc7 Rxa2 34. Rb6 Rxd2 35. Rxc6 h6 36. Bh4 Qh5 37. Qd7 Rf8 38. Qg4 Qxg4 39. hxg4 Nb2 40. Rf2 Rxf2 41. Bxf2 Rd8 42. Kf1 Rd3 43. Rc8+ Kh7 44. Re8 Rxc3 45. Rxe4 Nd3 46. Bh4 Rc1+ 47. Ke2 Rc2+ 48. Kf3 Nc1 49. Re7 c3 50. Rxf7 Ra2 51. f5 Kg8 52. Rc7 c2 53. g5 Nd3 54. Rc8+ Kf7 55. g6# 1-0

[Event "Oberliga Ost-B 1516"]
[Site "Germany"]
[Date "2015.09.20"]
[Round "1.5"]
[White "Biel, Maik"]
[Black "Philipp, Mathias"]
[Result "1/2-1/2"]
[WhiteElo "2146"]
[BlackElo "1697"]
[PlyCount "33"]
[EventDate "2015.09.20"]
[EventType "team-tourn"]
[EventRounds "11"]
[EventCountry "GER"]
[SourceTitle "EXT 2017"]
[Source "ChessBase"]
[SourceDate "2016.10.25"]
[SourceVersion "1"]
[SourceVersionDate "2016.10.25"]
[SourceQuality "1"]
[WhiteTeam "Liebschwitz"]
[BlackTeam "Weimar"]
[WhiteTeamCountry "GER"]
[BlackTeamCountry "GER"]

1. d4 d5 2. Nf3 e6 3. c4 c6 4. e3 Bd6 5. Nc3 f5 6. c5 Bc7 7. b4 Nf6 8. Ne5 Nbd7 9. f4 0-0 10. Be2 Ne4 11. Nxe4 fxe4 12. 0-0 Qe7 13. a4 Nxe5 14. dxe5 a5 15. Ba3 axb4 16. Bxb4 Bd7 17. a5 1/2-1/2

[Event "GER-ch U16"]
[Site "Willingen"]
[Date "2015.05.28"]
[Round "7"]
[White "Rieper, Julian"]
[Black "Philipp, Mathias"]
[Result "1-0"]
[WhiteElo "1869"]
[BlackElo "1809"]
[PlyCount "63"]
[EventDate "2015.05.24"]
[EventType "swiss"]
[EventRounds "9"]
[EventCountry "GER"]
[SourceTitle "CBM 166 Extra"]
[Source "ChessBase"]
[SourceDate "2015.06.18"]
[SourceVersion "1"]
[SourceVersionDate "2015.06.18"]
[SourceQuality "1"]

1. e4 e5 2. Nf3 Nc6 3. Bb5 a6 4. Ba4 Nf6 5. 0-0 Be7 6. Re1 b5 7. Bb3 0-0 8. c3 d5 9. exd5 Nxd5 10. Nxe5 Nxe5 11. Rxe5 c6 12. d4 Bd6 13. Re1 Qh4 14. g3 Qh3 15. Be3 Bg4 16. Qd3 f5 17. Qf1 Qh5 18. f4 g5 19. Nd2 Kh8 20. Bxd5 cxd5 21. a4 b4 22. c4 Rae8 23. cxd5 Rxe3 24. Rxe3 gxf4 25. gxf4 Rg8 26. Rg3 Qh6 27. Re1 Bxf4 28. Re6 Qg5 29. h4 Be3+ 30. Rexe3 Qh6 31. Rd3 f4 32. Rg2 1-0

[Event "GER-ch U16"]
[Site "Willingen"]
[Date "2015.05.27"]
[Round "6"]
[White "Ronge, Tim Hendrick"]
[Black "Philipp, Mathias"]
[Result "1-0"]
[WhiteElo "1968"]
[BlackElo "1809"]
[PlyCount "87"]
[EventDate "2015.05.24"]
[EventType "swiss"]
[EventRounds "9"]
[EventCountry "GER"]
[SourceTitle "CBM 166 Extra"]
[Source "ChessBase"]
[SourceDate "2015.06.18"]
[SourceVersion "1"]
[SourceVersionDate "2015.06.18"]
[SourceQuality "1"]

1. d4 Nf6 2. c4 c5 3. d5 b5 4. Nf3 e6 5. Bg5 h6 6. Bxf6 Qxf6 7. Nc3 a6 8. cxb5 Bb7 9. e4 exd5 10. exd5 Be7 11. Bc4 0-0 12. 0-0 Qb6 13. a4 axb5 14. Bxb5 Ba6 15. Qe2 Bxb5 16. Nxb5 Bf6 17. Nd2 Na6 18. Nc4 Qb7 19. Rfd1 Nc7 20. Ncd6 Qb6 21. Nxc7 Qxc7 22. Nb5 Qf4 23. Qc2 Qb4 24. Ra2 Rfb8 25. b3 Re8 26. g3 Re1+ 27. Rxe1 Qxe1+ 28. Kg2 Qb4 29. Qc4 Qe1 30. Re2 Qd1 31. Re3 Rc8 32. d6 g6 33. Qd3 Qa1 34. Qd5 Qa2 35. Qb7 Rd8 36. Rf3 Kg7 37. Qc7 Qa1 38. Qxc5 Re8 39. Re3 Be5 40. Nc7 Bd4 41. Nxe8+ Kf8 42. Qc8 Bxe3 43. Nf6+ Kg7 44. Qg8+ 1-0

[Event "GER-chT U14"]
[Site "Magdeburg"]
[Date "2013.12.27"]
[Round "1.1"]
[White "Gressmann, Moritz"]
[Black "Philipp, Mathias"]
[Result "1-0"]
[WhiteElo "2036"]
[BlackElo "1553"]
[PlyCount "55"]
[EventDate "2013.12.27"]
[EventType "team-swiss"]
[EventRounds "4"]
[EventCountry "GER"]
[SourceTitle "EXT 2015"]
[Source "ChessBase"]
[SourceDate "2014.11.20"]
[SourceVersion "1"]
[SourceVersionDate "2014.11.20"]
[SourceQuality "1"]
[WhiteTeam "Weissensee Chemie"]
[BlackTeam "Weimar"]
[WhiteTeamCountry "GER"]
[BlackTeamCountry "GER"]

1. e4 e5 2. Nf3 Nc6 3. Bc4 Bc5 4. c3 Nf6 5. d3 d6 6. 0-0 0-0 7. Bb3 Be6 8. Bc2 d5 9. exd5 Bxd5 10. b4 Bd6 11. Nbd2 Re8 12. Re1 a6 13. Bb2 Qd7 14. a3 Bxf3 15. Nxf3 Rad8 16. c4 Nd4 17. c5 Nxf3+ 18. Qxf3 e4 19. dxe4 Be5 20. Bxe5 Rxe5 21. Rad1 Qe7 22. Qf4 Rxd1 23. Rxd1 g5 24. Qe3 c6 25. f3 g4 26. f4 Re6 27. f5 Re5 28. Qg5+ 1-0

[Event "GER-ch Net qual4 U14"]
[Site "Playchess.com INT"]
[Date "2011.05.11"]
[Round "6"]
[White "Philipp, Mathias"]
[Black "Haeusler, Luis"]
[Result "1-0"]
[WhiteElo "1325"]
[BlackElo "1275"]
[PlyCount "111"]
[EventDate "2011.05.11"]
[EventType "swiss (blitz)"]
[EventRounds "7"]
[EventCountry "GER"]
[SourceTitle "CBM 142 Extra"]
[Source "ChessBase"]
[SourceDate "2011.06.27"]
[SourceVersion "1"]
[SourceVersionDate "2011.06.27"]
[SourceQuality "1"]

1. e4 c5 2. c3 Nc6 3. d4 cxd4 4. cxd4 Nf6 5. Nc3 g6 6. f4 Bg7 7. Nf3 d6 8. h3 0-0 9. Be3 Bd7 10. g4 Qc7 11. Qd2 Rac8 12. a3 Na5 13. Qf2 Nb3 14. Rd1 d5 15. e5 Ne4 16. Nxe4 dxe4 17. Nd2 Nxd2 18. Bxd2 Ba4 19. Rc1 Qxc1+ 20. Bxc1 Rxc1+ 21. Kd2 Rc2+ 22. Ke3 Rxf2 23. Kxf2 Rc8 24. Ke3 Rc2 25. Kxe4 Rxb2 26. d5 Rd2 27. Bc4 Rb2 28. Rc1 Rh2 29. Rc3 Rh1 30. d6 exd6 31. Rd3 dxe5 32. Rd8+ Bf8 33. fxe5 Kg7 34. Rb8 b6 35. Rc8 Rc1 36. Rc7 Bb3 37. Rxf7+ Kh6 38. Bxb3 Bg7 39. g5+ Kxg5 40. Rxg7 Re1+ 41. Kd5 Kf5 42. Rf7+ Kg5 43. e6 Kh4 44. Rf3 Kg5 45. Bc2 Kh6 46. Be4 Kh5 47. e7 Rxe4 48. Kxe4 Kg5 49. e8Q Kh4 50. Qf7 Kh5 51. Qxh7+ Kg5 52. h4+ Kg4 53. Qxg6+ Kxh4 54. Rf4+ Kh3 55. Rf7 Kh2 56. Rh7# 1-0

[Event "GER-ch Net qual3 U14"]
[Site "Playchess.com INT"]
[Date "2011.05.08"]
[Round "6"]
[White "Yankelevich, Michael"]
[Black "Philipp, Mathias"]
[Result "1-0"]
[WhiteElo "1253"]
[BlackElo "1430"]
[PlyCount "151"]
[EventDate "2011.05.08"]
[EventType "swiss (blitz)"]
[EventRounds "7"]
[EventCountry "GER"]
[SourceTitle "CBM 142 Extra"]
[Source "ChessBase"]
[SourceDate "2011.06.27"]
[SourceVersion "1"]
[SourceVersionDate "2011.06.27"]
[SourceQuality "1"]

1. e4 e5 2. Nc3 Bc5 3. Nf3 Nc6 4. Nxe5 Nxe5 5. d4 Bd6 6. dxe5 Bxe5 7. g3 g6 8. Bg2 Bg7 9. 0-0 d6 10. Re1 Be6 11. Nd5 c6 12. Nf4 Nf6 13. Nxe6 fxe6 14. Bg5 0-0 15. Bh3 Qe7 16. Qd3 h6 17. Bxf6 Bxf6 18. e5 Bxe5 19. Qxg6+ Bg7 20. Rxe6 Qf7 21. Rxd6 Qxg6 22. Rxg6 Rf6 23. Rxf6 Bxf6 24. c3 Re8 25. Bg4 Kg7 26. Kf1 Kg6 27. Re1 Rxe1+ 28. Kxe1 h5 29. Bf3 Kf5 30. Bxh5 Ke4 31. Ke2 Bg5 32. h4 Bc1 33. b3 Bb2 34. c4 Bc3 35. Bf3+ Kf5 36. g4+ Kf4 37. g5 a5 38. Kd3 Bb4 39. g6 Bf8 40. Bh1 Kg4 41. Be4 Kxh4 42. Kd4 Kg5 43. Ke5 Kh5 44. f4 Kh6 45. f5 Kg7 46. f6+ Kg8 47. g7 Bxg7 48. fxg7 Kxg7 49. Kd6 Kf6 50. Kc7 Ke5 51. Kxb7 Kxe4 52. Kxc6 Kd3 53. Kb5 Kd4 54. Kxa5 Kc5 55. b4+ Kc6 56. b5+ Kb7 57. c5 Kc7 58. Ka6 Kb8 59. c6 Kc8 60. b6 Kb8 61. a4 Kc8 62. b7+ Kb8 63. c7+ Kxc7 64. Ka7 Kc6 65. b8Q Kc5 66. a5 Kc6 67. a6 Kc5 68. Kb7 Kd5 69. a7 Ke6 70. a8Q Kd7 71. Qc7+ Ke6 72. Qa6+ Kd5 73. Qca5+ Kd4 74. Q6b6+ Kc4 75. Qbb4+ Kd3 76. Qaa3+ 1-0